000
00303nam a22001337a 4500
008
180924b xxu||||| |||| 00| 0 eng d
020
_a
9780071586870
041
_a
eng
080
_a
616-053.2
100
_a
8
101
_a
PED
245
_a
Pediatric Anesthesia handbook
_c
Yemen,T.A
942
_2
udc
_c
BK
999
_c
48327
_d
48327